000 00685nam a2200229 a 4500
003 OSt
005 20151103101035.0
008 020226s1994 esp 000 0 spa d
020 _a84-406-4837-5
040 _cBMC
082 _a843
100 1 _aSinoué, Gilbert
_936795
245 1 0 _aCalixto I
_b: el papa olvidado
_cGilbert Sinoué; [traducción, Manuel Serrat Crespo]
250 _a1ª ed
260 _aBarcelona
_bEdiciones B
_c1994
300 _a509 p.
_c23 cm
490 0 _aHistórica
546 _aTraducción de: La pourpre et l'olivier ou Calixte ler, le pape oublié
650 2 4 _911443
_aNovela francesa
700 1 _910797
_aSerrat Crespo, Manuel
942 _2ddc
_cBK
999 _c23103
_d23103